000 00485nam a22001577a 4500
999 _c41003
_d41003
003 OSt
005 20210225130151.0
008 210225b ||||| |||| 00| 0 eng d
040 _coclc
082 _a332.110954
_bKIR/S
100 _98480
_aKiran
245 _aSBI Clerk Exam 2017-2015 :
_bSolved Papers /
_cKiran
260 _aDelhi:
_bKiran Institute Of Career Excellence ,
_c2015.
300 _a560p
942 _2ddc
_cBK
_h332.110954
_iKIR/S
_k332.110954
_mKIR/S